El lenguaje y la vida / Amado Alonso, traductor
Guardado en:
| Hovedforfatter: | |
|---|---|
| Format: | Bog |
| Sprog: | Undetermined |
| Udgivet: |
Buenos Aires, Argentina
Editorial Losada
1977
|
| Udgivelse: | 7 |
| Fag: | |
| Tags: |
Tilføj Tag
Ingen Tags, Vær først til at tagge denne postø!
|
MARC
| LEADER | 00000nam a2200000Ia 4500 | ||
|---|---|---|---|
| 008 | 170316s9999 xx 000 0 und d | ||
| 090 | |a 410 B-5L | ||
| 100 | |a Bally, Charles | ||
| 245 | |a El lenguaje y la vida / Amado Alonso, traductor | ||
| 250 | |a 7 | ||
| 260 | |a Buenos Aires, Argentina | ||
| 260 | |b Editorial Losada | ||
| 260 | |c 1977 | ||
| 300 | |a 236 páginas | ||
| 650 | |a LINGÜÍSTICA | ||
| 650 | |a LENGUAJE | ||
| 650 | |a LA VIDA | ||
| 650 | |a EXPRESIÓN LINGÜÍSTICA | ||
| 650 | |a LENGUAJE - SOCIEDAD | ||
| 650 | |a SISTEMA LINGÜÍSTICO | ||
| 650 | |a LENGUAJE NATURAL | ||
| 650 | |a LENGUA LITERARIA | ||
| 650 | |a ESTILO | ||
| 650 | |a EVOLUCIÓN LENGUAJE | ||
| 650 | |a CAMBIOS FONÉTICOS | ||
| 650 | |a EVOLUCIÓN SOCIAL | ||
| 650 | |a ESTILÍSTICA - LINGÜÍSTICA GENERAL | ||
| 650 | |a ESTILÍSTICA - FONOLOGIA | ||
| 650 | |a ESTILÍSTICA - VOCABULARIO | ||
| 650 | |a SINTAXIS | ||
| 650 | |a LENGUA ESCRITA | ||
| 650 | |a LENGUA ORAL | ||
| 650 | |a MÉTODO HISTORICO | ||
| 650 | |a EXPRESIVIDAD LINGÜÍSTICA | ||
| 650 | |a LENGUAJE TRASMITIDO | ||
| 650 | |a LENGUAJE ADQUIRIDO | ||
| 650 | |a EXPRESIÓN | ||
| 999 | |c 18264 |d 18264 | ||
| 040 | |a cru BVZT | ||
| 942 | |c 15 D |h 410 B-5L |2 z | ||
